000 00313nam a2200121Ia 4500
008 190216s9999||||xx |||||||||||||| ||und||
100 _aWilliam L Jolly
245 0 _aSynthetic Inorganic Chemistry
260 _bPrentice Hall Of India Pvt Ltd
_c1985
300 _a196p
650 _aChemistry-Chemistry
942 _cBK
999 _c1955
_d1955